Normal view MARC view

Entry Personal Name

Number of records used in: 1

001 - CONTROL NUMBER

  • control field: 10835

003 - CONTROL NUMBER IDENTIFIER

  • control field: OSt

005 - DATE AND TIME OF LATEST TRANSACTION

  • control field: 20160822145939.0

008 - FIXED-LENGTH DATA ELEMENTS

  • fixed length control field: 160822|| aca||aabn | a|a d

040 ## - CATALOGING SOURCE

  • Original cataloging agency: OSt
  • Transcribing agency: OSt

100 ## - HEADING--PERSONAL NAME

  • Personal name: Murray,R.D.James; Holmes,J.Erskine;Misra,Rakesh,R;

670 ## - SOURCE DATA FOUND

  • Source citation: Work cat.: (OSt): Murray,R.D.James; Holmes,J.Erskine;Misra,Rakesh,R;, A-Z of Musculoskeletal and Trauma Radiology;, 2008.